Lyrics raten #33 - Statistiken

Allgemein
  • Dieses Quiz wurde 161 mal gespielt
  • Das Durchschnittsergebnis liegt bei 91 aus 331
Antwortstatistiken
Antwort % Korrekt
ich
99%
du
97%
sie
87%
es
83%
das
81%
Das
81%
die
78%
Die
78%
der
77%
Der
77%
und
75%
Und
75%
den
64%
ein
64%
wie
61%
ist
60%
zu
55%
im
54%
nicht
54%
dein
52%
in
52%
bist
51%
mich
50%
dich
48%
auf
44%
uns
41%
meine
40%
am
38%
dem
37%
kein
36%
Mit
35%
mit
35%
dann
34%
man
34%
Will
34%
zum
33%
Ob
32%
oder
32%
Oder
32%
bei
31%
haben
31%
noch
31%
Kannst
29%
schön
29%
sehe
28%
von
27%
mann
26%
Tag
26%
Tag,
26%
Um
26%
Hier
24%
hier
24%
leben
24%
Leben
24%
Nacht
24%
nur
24%
Nur
24%
Mehr
23%
wird
22%
bös
21%
Bus
21%
Welt
21%
keinen
20%
sich
19%
weg
18%
sehen
17%
hören,
16%
machen
16%
gibt
15%
Lass
15%
Hass
14%
lang
13%
muss
12%
siehst
12%
Drogen
11%
Kopf
11%
macht
11%
wollt
11%
Koks
9%
Mutter
9%
nen
9%
Dieses
8%
erst
8%
Gras
8%
Strasse,
8%
dunkel
7%
Jeden
7%
jeder
7%
jung
7%
Sterne
7%
diesem
6%
fahren
6%
Lieber
6%
Rauch
6%
Rausch
6%
Scheiss
6%
sterben
6%
Tod
6%
bedanken
5%
denkst
5%
Finger
5%
Horizont
5%
Wolken,
5%
Guck
4%
hart
4%
Kinder
4%
Leute
4%
lösen
4%
Polizei
4%
Schlampe?
4%
vergessen
4%
Bullen
3%
deale,
3%
Hasch
3%
nem
3%
Probleme
3%
Weed,
3%
weinen
3%
zuhause
3%
cha
2%
cho,
2%
Dealen
2%
grad
2%
Haze
2%
Hörst
2%
Knast
2%
Merkel
2%
Reiche
2%
Schule
2%
shit,
2%
steigt
2%
17
1%
anstatt
1%
Asphalt,
1%
Azzlacks
1%
Beton
1%
Blocks
1%
Brötchen
1%
days,
1%
Deja
1%
Different
1%
Drogenpreise
1%
Druck,
1%
Entzug
1%
findet
1%
funkeln
1%
gefickt,
1%
Gewalt
1%
Hunger
1%
Hyänen
1%
Kaschen
1%
Kiffst
1%
Kilogramm
1%
Kilos
1%
Kindern
1%
Knete
1%
Kriminalitätsrate
1%
Last
1%
Lehrer
1%
Märchen
1%
mattgraue
1%
nerven
1%
Paper
1%
Plattenbaublocks
1%
Politik
1%
Polizisten
1%
Realität
1%
Rollt
1%
same
1%
schizophren
1%
Schnee
1%
Schultern
1%
Schwarzkopf
1%
selten
1%
sinken
1%
Sonnenschein
1%
Stress
1%
studiert
1%
Suizidgefährdet
1%
System
1%
Tabu
1%
Trotzdem
1%
tschö
1%
verdienen
1%
Vu
1%
weinende
1%
Werdegang
1%
Whiskey
1%
zeigt
1%
depressiv
0%
Drama
0%
Essahbi
0%
pur
0%
Keine übereinstimmenden Quizze gefunden
Verteilung der Resultate
Anzahl Personen mit jedem Resultat
Perzentil nach korrekt beantworteten Fragen
Ihre Resultats-Entwicklung
Sie haben dieses Quiz noch nicht gespielt